00607nam a22001097a 4500040000800000082002700008100001800035245030500053260002600358300002600384856008700410 cRUA aAGR PUN 2012 B051 Or.1 aPUN, SOPHEAK. aStudy on the occurrence of plant parasitic nematodes on vegetable crops in sa ang district kandal province ការសិក្សាវត្តមានណេម៉ាតូតនៅលើដំណាំបន្លែក្នុងស្រុកស្អាង ខេត្តកណ្តាល aPhnom PenhbRUAc2012 aix; 44p.bill.c29cm. uhttps://drive.google.com/file/d/1qEgKWrKz43OOXOuxIzfb6XwWvo2j4Qn8/view?usp=sharing